Statistics for 1999 AFL Premiership Team

Click here to take the quiz!

General Stats

  • This quiz has been taken 32 times
  • The average score is 12 of 24

Answer Stats

HintAnswer% Correct
Premiership TeamNorth Melbourne
96%
Centre Half ForwardWayne Carey
96%
Centre Half BackGlenn Archer
87%
RoverAnthony Stevens
70%
WingAdam Simpson
61%
Half Forward FlankBrent Harvey
61%
CoachDenis Pagan
61%
WingShannon Grant
61%
Back PocketByron Pickett
52%
Full ForwardCorey McKernan
52%
Ruck RoverDavid King
52%
Back PocketMick Martyn
52%
CentrePeter Bell
48%
Forward PocketCameron Mooney
43%
InterchangeJohn Longmire
43%
Full BackJohn Blakey
39%
Half Back FlankWinston Abraham
35%
Forward PocketCraig Sholl
30%
Half Back FlankMartin Pike
30%
Half Forward FlankBrett Allison
26%
RuckMatthew Capuano
22%
InterchangeScott Welsh
13%
InterchangeShane Clayton
13%
InterchangeShannon Motlop
13%

Score Distribution

Percentile by Number Answered

Percent of People with Each Score

Your Score History

You have not taken this quiz